<?xml version="1.0" encoding="UTF-8"?>
<record
    xmlns:xsi="http://www.w3.org/2001/XMLSchema-instance"
    xsi:schemaLocation="http://www.loc.gov/MARC21/slim http://www.loc.gov/standards/marcxml/schema/MARC21slim.xsd"
    xmlns="http://www.loc.gov/MARC21/slim">

  <leader>02386nam a2200421 a 4500</leader>
  <controlfield tag="001">59660</controlfield>
  <controlfield tag="003">CO-BoRNBP</controlfield>
  <controlfield tag="005">20251028162915.0</controlfield>
  <controlfield tag="007">ta</controlfield>
  <controlfield tag="008">150226s1980    ck a   gr     000 0 spa d</controlfield>
  <datafield tag="020" ind1=" " ind2=" ">
    <subfield code="a">8449933498 (obra completa)</subfield>
  </datafield>
  <datafield tag="020" ind1=" " ind2=" ">
    <subfield code="a">8449933501 (fasc&#xED;culos)</subfield>
  </datafield>
  <datafield tag="040" ind1=" " ind2=" ">
    <subfield code="a">CO-BoBLA </subfield>
    <subfield code="b">spa </subfield>
    <subfield code="c">CO-BoBLA</subfield>
  </datafield>
  <datafield tag="043" ind1=" " ind2=" ">
    <subfield code="a">f-ua--- </subfield>
    <subfield code="a">a------ </subfield>
    <subfield code="a">e-it--- </subfield>
    <subfield code="a">n------ </subfield>
    <subfield code="a">s------ </subfield>
    <subfield code="a">nc-----</subfield>
  </datafield>
  <datafield tag="082" ind1="0" ind2="4">
    <subfield code="a">741.5 </subfield>
    <subfield code="b">C11h </subfield>
    <subfield code="2">19</subfield>
  </datafield>
  <datafield tag="100" ind1="1" ind2=" ">
    <subfield code="a">Cabado, Alberto.</subfield>
    <subfield code="9">66263</subfield>
  </datafield>
  <datafield tag="245" ind1="1" ind2="0">
    <subfield code="a">Historia del hombre / </subfield>
    <subfield code="c">gui&#xF3;n Alberto Cabado ; ilustrador Eugenio Zoppi.</subfield>
  </datafield>
  <datafield tag="250" ind1=" " ind2=" ">
    <subfield code="a">1a. edici&#xF3;n</subfield>
  </datafield>
  <datafield tag="300" ind1=" " ind2=" ">
    <subfield code="a">vol&#xFA;menes : </subfield>
    <subfield code="b">ilustraciones ; </subfield>
    <subfield code="c">19 cn.</subfield>
  </datafield>
  <datafield tag="336" ind1=" " ind2=" ">
    <subfield code="2">rdacontent</subfield>
    <subfield code="a">texto</subfield>
    <subfield code="b">txt</subfield>
  </datafield>
  <datafield tag="337" ind1=" " ind2=" ">
    <subfield code="2">rdamedia</subfield>
    <subfield code="a">sin mediaci&#xF3;n</subfield>
    <subfield code="b">n</subfield>
  </datafield>
  <datafield tag="338" ind1=" " ind2=" ">
    <subfield code="2">rdacarrier</subfield>
    <subfield code="a">volumen</subfield>
    <subfield code="b">nc</subfield>
  </datafield>
  <datafield tag="490" ind1="1" ind2=" ">
    <subfield code="a">Enciclopedia para todos</subfield>
  </datafield>
  <datafield tag="500" ind1=" " ind2=" ">
    <subfield code="a">La biblioteca tienes los vol&#xFA;menes 1, 3, 4, 5, 6, 7, 8, 13, 14, 15, 16, 23, 24, 26 y 27.</subfield>
  </datafield>
  <datafield tag="505" ind1="0" ind2=" ">
    <subfield code="a">v.1. La prehistoria I: El hombre prehist&#xF3;rico. - v.3. Egipto I: La edad de las pir&#xE1;mides. - v.4. Egipto II: El imperio. - v.5. Asia anterior I: Los s&#xFA;meros. - v.6. Asia anterior II: Babilonia y Asiria. - v.7. Asia anterior III: Hebreos y fenicios. - v.8. Asia anterior IV: El imperio Persa. - v.13. Roma I: Or&#xED;genes y expansi&#xF3;n. - v.14. Roma II: La &#xE9;poca de Julio C&#xE9;sar. - v.15. Roma III: Augusto y el imperio. - v.16. Roma IV: La decadencia. - v.23. El medioevo I: Carlomagno. - v.24. El medioevo II: La Europa feudal. - v.26. El medioevo IV: El comercio y las ciudades. - v.27. La edad moderna I: Los grandes descubrimientos.</subfield>
  </datafield>
  <datafield tag="650" ind1=" " ind2="7">
    <subfield code="a">Civilizaci&#xF3;n</subfield>
    <subfield code="x"> Tiras c&#xF3;micas, historietas, etc.</subfield>
    <subfield code="2">BLAAUTO</subfield>
    <subfield code="9">66264</subfield>
  </datafield>
  <datafield tag="650" ind1=" " ind2="7">
    <subfield code="a">Hombres prehist&#xF3;ricos</subfield>
    <subfield code="x"> Tiras c&#xF3;micas, historietas, etc.</subfield>
    <subfield code="2">BLAAUTO</subfield>
    <subfield code="9">66265</subfield>
  </datafield>
  <datafield tag="650" ind1=" " ind2="7">
    <subfield code="a">Feudalismo</subfield>
    <subfield code="x"> Historia</subfield>
    <subfield code="x"> Tiras c&#xF3;micas, historietas, etc.</subfield>
    <subfield code="2">BLAAUTO</subfield>
    <subfield code="9">66266</subfield>
  </datafield>
  <datafield tag="650" ind1=" " ind2="7">
    <subfield code="a">Edad media</subfield>
    <subfield code="v">Tiras c&#xF3;micas, historietas, etc.</subfield>
    <subfield code="2">BLAAUTO</subfield>
    <subfield code="9">66267</subfield>
  </datafield>
  <datafield tag="651" ind1=" " ind2="7">
    <subfield code="a">Egipto</subfield>
    <subfield code="x"> Historia</subfield>
    <subfield code="x"> Tiras c&#xF3;micas, historietas, etc.</subfield>
    <subfield code="9">66268</subfield>
  </datafield>
  <datafield tag="651" ind1=" " ind2="7">
    <subfield code="a">Asia</subfield>
    <subfield code="x"> Historia</subfield>
    <subfield code="x"> Tiras c&#xF3;micas, historietas, etc.</subfield>
    <subfield code="9">66269</subfield>
  </datafield>
  <datafield tag="651" ind1=" " ind2="7">
    <subfield code="a">Roma</subfield>
    <subfield code="x"> Historia</subfield>
    <subfield code="x"> Tiras c&#xF3;micas, historietas, etc.</subfield>
    <subfield code="9">66270</subfield>
  </datafield>
  <datafield tag="651" ind1=" " ind2="7">
    <subfield code="a">Am&#xE9;rica</subfield>
    <subfield code="x"> Descubrimiento y exploraciones</subfield>
    <subfield code="x"> Tiras c&#xF3;micas, historietas, etc.</subfield>
    <subfield code="9">66271</subfield>
  </datafield>
  <datafield tag="700" ind1="1" ind2=" ">
    <subfield code="a">Zoppi, Eugenio Juan,</subfield>
    <subfield code="e">ilustrador.</subfield>
    <subfield code="9">66272</subfield>
  </datafield>
  <datafield tag="830" ind1=" " ind2="0">
    <subfield code="a">Ricardo Espinosa-Colecci&#xF3;n</subfield>
    <subfield code="9">66273</subfield>
  </datafield>
  <datafield tag="942" ind1=" " ind2=" ">
    <subfield code="2">ddc</subfield>
    <subfield code="c">BK</subfield>
  </datafield>
  <datafield tag="949" ind1=" " ind2=" ">
    <subfield code="a">n   </subfield>
    <subfield code="b">n</subfield>
  </datafield>
  <datafield tag="999" ind1=" " ind2=" ">
    <subfield code="c">59660</subfield>
    <subfield code="d">59660</subfield>
  </datafield>
  <datafield tag="952" ind1=" " ind2=" ">
    <subfield code="0">0</subfield>
    <subfield code="1">0</subfield>
    <subfield code="2">ddc</subfield>
    <subfield code="4">0</subfield>
    <subfield code="7">0</subfield>
    <subfield code="8">GEN</subfield>
    <subfield code="a">MEPLOPEZ</subfield>
    <subfield code="b">MEPLOPEZ</subfield>
    <subfield code="c">GEN</subfield>
    <subfield code="d">2025-10-28</subfield>
    <subfield code="l">0</subfield>
    <subfield code="o">741.5  C11h </subfield>
    <subfield code="p">PLZ04193</subfield>
    <subfield code="r">2025-10-28 16:29:44</subfield>
    <subfield code="t">Ej.1</subfield>
    <subfield code="w">2025-10-28</subfield>
    <subfield code="y">BKLIT</subfield>
  </datafield>
</record>
